000 00651ntaaa2200241 4500
003 01
005 20251027201412.0
008 0714s1973 ag 01
040 _aAR-BaBN
_bspa
_cAR-BaBN
_eaacr
_dRIC
082 _a270.0000 B15l
245 _aLate medieval mysticism
250 _a1 ed.
260 _aPhiladelphia :
_bWestminster,
_c1957
300 _a424 p
650 _aHistoria Eclesiastica
650 _aMisticismo
650 _aBernardo de Claraval 1090-1153
_912544
650 _aFrancisco de Asis 1182-1226
_912545
650 _aEckhart, Johann 1260-1328
_912546
700 _aBaillie, John
_96010
700 _aPetry, Ray C
942 _cBK
999 _c8581
_d8581